000 00735nam a2200253Ia 4500
003 OSt
005 20221006143314.0
006 a|||||r|||| 00| 0
007 ta
008 221006b |||||||| |||| 00| 0 eng d
020 _c
_37.40
024 _a8,599
037 _cTextual
040 _aEASL
_cEASL
_beng
041 _2eng
_aeng
082 _aX8(A):9Av42.N6, L5
100 _aJOONG Yoon Duk
_9649615
245 0 _aStudy of manpower development in the process of Japanese industrialization 1880-1960
260 _aAnn Arbor
_bUniversity Microfilms International
_c1975
300 _a120p.
_ccm.
490 _v Th
942 _hX8(A):9Av42.N6, L5
_cTEXL
_2CC
999 _c1076685
_d1076685